[Event "Pardubice Region-chT 2223"]
[Site "Czech Republic"]
[Date "2023.03.19"]
[Round "10.2"]
[White "Lorenc, Adam"]
[Black "Hajek, Jiri"]
[Result "1-0"]
[WhiteElo "1930"]
[BlackElo "2024"]
[PlyCount "55"]
[EventDate "2022.10.09"]
[EventType "team-tourn"]
[EventRounds "11"]
[EventCountry "CZE"]
[SourceTitle "EXT 2024"]
[Source "ChessBase"]
[SourceDate "2023.10.10"]
[SourceVersion "1"]
[SourceVersionDate "2023.10.10"]
[SourceQuality "1"]

1. e4 c6 2. d4 d5 3. Nc3 dxe4 4. Nxe4 Nf6 5. Nxf6+ exf6 6. Nf3 Bd6 7. Bd3 0-0 8. Be3 Qa5+ 9. Nd2 Nd7 10. 0-0 Rd8 11. Nc4 Qc7 12. Nxd6 Qxd6 13. c4 Nf8 14. Qc2 g6 15. Rfd1 Ne6 16. Be2 Nc7 17. Bf3 Be6 18. Rd2 Qb4 19. b3 Bf5 20. Qb2 Qe7 21. Rad1 Be4 22. Bxe4 Qxe4 23. d5 Ne8 24. d6 Rd7 25. c5 g5 26. Re2 Qg6 27. Bd4 f5 28. Rde1 1-0

[Event "Pardubice Region-chT 2223"]
[Site "Czech Republic"]
[Date "2023.01.15"]
[Round "6.2"]
[White "Hajek, Jiri"]
[Black "Moravec, Jakub"]
[Result "0-1"]
[WhiteElo "2024"]
[BlackElo "1673"]
[PlyCount "54"]
[EventDate "2022.10.09"]
[EventType "team-tourn"]
[EventRounds "11"]
[EventCountry "CZE"]
[SourceTitle "EXT 2024"]
[Source "ChessBase"]
[SourceDate "2023.10.10"]
[SourceVersion "1"]
[SourceVersionDate "2023.10.10"]
[SourceQuality "1"]

1. d4 Nf6 2. Nf3 g6 3. c4 Bg7 4. Nc3 d6 5. e4 Nbd7 6. Be2 0-0 7. 0-0 e5 8. dxe5 dxe5 9. b4 c6 10. Rb1 Qc7 11. Qc2 Re8 12. c5 Nf8 13. Bc4 Ne6 14. Rd1 Nd4 15. Nxd4 exd4 16. Ne2 Nxe4 17. Nxd4 Bxd4 18. Rxd4 Bf5 19. g4 Ng5 20. Qb3 Bc2 21. Qc3 Bxb1 22. Bxg5 Qe5 23. Be3 Be4 24. Qd2 h5 25. Bf4 Qf6 26. g5 Qf5 27. Rd7 Bd5 0-1

[Event "Ceske Budejovice op-B"]
[Site "Ceske Budejovice"]
[Date "2022.07.07"]
[Round "7"]
[White "Sulcova, Tereza Radmila"]
[Black "Hajek, Jiri"]
[Result "0-1"]
[WhiteElo "1538"]
[BlackElo "1725"]
[PlyCount "56"]
[EventDate "2022.07.01"]
[EventType "swiss"]
[EventRounds "9"]
[EventCountry "CZE"]
[SourceTitle "EXT 2023"]
[Source "ChessBase"]
[SourceDate "2022.10.05"]
[SourceVersion "1"]
[SourceVersionDate "2022.10.05"]
[SourceQuality "1"]

1. Nh3 e5 2. g3 d5 3. Bg2 Nf6 4. 0-0 c5 5. f3 Nc6 6. Nf2 Be7 7. Nc3 Be6 8. e4 d4 9. Ne2 g5 10. Kh1 Qd7 11. Ng1 0-0-0 12. Ngh3 Rdg8 13. d3 h6 14. Ng1 Ne8 15. g4 h5 16. gxh5 Rxh5 17. f4 Rgh8 18. Nf3 gxf4 19. Kg1 Nf6 20. h3 Rg8 21. Kh2 Ng4+ 22. Kg1 Ne3 23. Bxe3 dxe3 24. Ng4 Bxg4 25. hxg4 Qxg4 26. Qe2 Rh6 27. c3 Rhg6 28. Ne1 Qxe2 0-1

[Event "Klatovy op-A 23rd"]
[Site "Klatovy"]
[Date "2017.07.05"]
[Round "5"]
[White "Trmal, Jaroslav"]
[Black "Hajek, Jiri"]
[Result "0-1"]
[WhiteElo "2201"]
[BlackElo "2013"]
[PlyCount "64"]
[EventDate "2017.07.01"]
[EventType "swiss"]
[EventRounds "9"]
[EventCountry "CZE"]
[SourceTitle "EXT 2018"]
[Source "ChessBase"]
[SourceDate "2017.10.13"]
[SourceVersion "1"]
[SourceVersionDate "2017.10.13"]
[SourceQuality "1"]

1. d4 Nf6 2. c4 g6 3. Nc3 Bg7 4. e4 d6 5. Be2 0-0 6. Nf3 Bg4 7. Be3 Nfd7 8. h3 Bxf3 9. Bxf3 Nc6 10. d5 Na5 11. Qa4 c6 12. Rc1 cxd5 13. cxd5 Nc5 14. Qb5 a6 15. Qe2 b5 16. b4 Bxc3+ 17. Rxc3 Na4 18. Rc2 Nc4 19. Bh6 Re8 20. 0-0 a5 21. Qe1 Qb6 22. Qa1 f6 23. Rb1 axb4 24. Rxb4 Qa5 25. Rb3 Nc5 26. Rbc3 Ne5 27. Bd2 Qa4 28. Qb1 Nxe4 29. Bxe4 Qxe4 30. Qb3 Nc4 31. Rd3 Ra3 32. Qxb5 Kf7 0-1

[Event "Prague Summer op-B 3rd"]
[Site "Prague"]
[Date "2016.08.07"]
[Round "3"]
[White "De Bruyn, Aleida"]
[Black "Hajek, Jiri"]
[Result "1-0"]
[WhiteElo "1651"]
[BlackElo "1829"]
[PlyCount "127"]
[EventDate "2016.08.05"]
[EventType "swiss"]
[EventRounds "9"]
[EventCountry "CZE"]
[SourceTitle "CBM 173 Extra"]
[Source "ChessBase"]
[SourceDate "2016.08.29"]
[SourceVersion "1"]
[SourceVersionDate "2016.08.29"]
[SourceQuality "1"]

1. c4 c6 2. Nf3 d5 3. d4 Nf6 4. g3 e6 5. Bg2 Nbd7 6. Qc2 Bd6 7. 0-0 0-0 8. b3 dxc4 9. Qxc4 e5 10. Bb2 Nb6 11. Qc2 exd4 12. Bxd4 Bg4 13. Rd1 Qe7 14. Qb2 Nbd7 15. Nc3 Rfe8 16. Rd2 Ne5 17. Nxe5 Bxe5 18. Bxe5 Qxe5 19. Rad1 Re7 20. h3 Bh5 21. Bf1 Rae8 22. Qc1 Ne4 23. Nxe4 Qxe4 24. Qc5 Re5 25. Qxa7 c5 26. Bg2 Qb4 27. g4 Bg6 28. Qxb7 Qa5 29. e3 h5 30. Qd7 R5e7 31. Qd5 Re5 32. Qc4 hxg4 33. hxg4 Be4 34. Rd7 Bg6 35. Bd5 R5e7 36. Rd6 Be4 37. Ra6 Qc7 38. Rc6 Bxd5 39. Qxd5 Qa5 40. a4 Re5 41. Qd3 Qb4 42. Qc4 Qb7 43. Qb5 Qe7 44. Rc1 Rxe3 45. R6xc5 Re1+ 46. Rxe1 Qxe1+ 47. Kg2 Qe4+ 48. Kg3 Rd8 49. Rc3 Qh1 50. Qc6 Qg1+ 51. Qg2 Qe1 52. Re3 Qb4 53. Qe4 Rd4 54. Qe8+ Kh7 55. Qxf7 Rxg4+ 56. Kf3 Rg6 57. Ke2 Qg4+ 58. Qf3 Qg5 59. Qe4 Qh5+ 60. Ke1 Kh6 61. Qf4+ Kh7 62. Qf3 Qc5 63. Qe4 Qh5 64. Rg3 1-0

[Event "CZE-chT2D 1516"]
[Site "Czech Republic"]
[Date "2016.04.17"]
[Round "11.6"]
[White "Mares, Jan"]
[Black "Hajek, Jiri"]
[Result "1/2-1/2"]
[WhiteElo "1990"]
[BlackElo "2069"]
[PlyCount "45"]
[EventDate "2015.10.18"]
[EventType "team-tourn"]
[EventRounds "11"]
[EventCountry "CZE"]
[SourceTitle "EXT 2022"]
[Source "ChessBase"]
[SourceDate "2021.10.06"]
[SourceVersion "1"]
[SourceVersionDate "2021.10.06"]
[SourceQuality "1"]
[WhiteTeam "Usti nad Orlici"]
[BlackTeam "Lipa ZVU Engineering"]
[WhiteTeamCountry "CZE"]
[BlackTeamCountry "CZE"]

1. e4 c6 2. d4 d5 3. Nc3 dxe4 4. Nxe4 Bf5 5. Ng3 Bg6 6. Nf3 Nd7 7. h4 h6 8. h5 Bh7 9. Bd3 Bxd3 10. Qxd3 Ngf6 11. Bd2 e6 12. 0-0-0 Qc7 13. Kb1 Bd6 14. Ne2 0-0-0 15. g3 e5 16. dxe5 Nxe5 17. Nxe5 Bxe5 18. Qf5+ Nd7 19. Bf4 Bxf4 20. Nxf4 Rhf8 21. Rd3 Kb8 22. Rhd1 Nf6 23. Kc1 1/2-1/2

[Event "CZE-chT2D 1314"]
[Site "Czech Republic"]
[Date "2013.12.15"]
[Round "4.6"]
[White "Hajek, Jiri"]
[Black "Torvenyi, Roman"]
[Result "1/2-1/2"]
[WhiteElo "2074"]
[BlackElo "2027"]
[PlyCount "48"]
[EventDate "2013.11.03"]
[EventType "team-tourn"]
[EventRounds "11"]
[EventCountry "CZE"]
[SourceTitle "EXT 2016"]
[Source "ChessBase"]
[SourceDate "2015.10.08"]
[SourceVersion "1"]
[SourceVersionDate "2015.10.08"]
[SourceQuality "1"]
[WhiteTeam "Lipa"]
[BlackTeam "Polabiny II"]
[WhiteTeamCountry "CZE"]
[BlackTeamCountry "CZE"]

1. d4 d6 2. Nf3 Bg4 3. Nc3 Nd7 4. Bg5 Ngf6 5. e3 e6 6. Be2 Be7 7. h3 Bh5 8. Nd2 Bg6 9. Bd3 Bxd3 10. cxd3 c6 11. 0-0 0-0 12. Nf3 Re8 13. Bf4 Bf8 14. Qb3 Qb6 15. Qxb6 axb6 16. a3 b5 17. Rfd1 Nb6 18. Kf1 Nfd5 19. Nxd5 Nxd5 20. Bg3 Nb6 21. Rac1 Be7 22. Nd2 Red8 23. Ne4 Na4 24. Rc2 f5 1/2-1/2

[Event "CZE-chT2D 1314"]
[Site "Czech Republic"]
[Date "2013.11.17"]
[Round "2.6"]
[White "Hajek, Jiri"]
[Black "Reichel, Tomas"]
[Result "1-0"]
[WhiteElo "2074"]
[BlackElo "1927"]
[PlyCount "63"]
[EventDate "2013.11.03"]
[EventType "team-tourn"]
[EventRounds "11"]
[EventCountry "CZE"]
[SourceTitle "EXT 2016"]
[Source "ChessBase"]
[SourceDate "2015.10.08"]
[SourceVersion "1"]
[SourceVersionDate "2015.10.08"]
[SourceQuality "1"]
[WhiteTeam "Lipa"]
[BlackTeam "Havlickuv Brod"]
[WhiteTeamCountry "CZE"]
[BlackTeamCountry "CZE"]

1. d4 d5 2. Nf3 Bf5 3. Bf4 Nc6 4. e3 e6 5. Bd3 Bxd3 6. Qxd3 Bd6 7. Nbd2 Bxf4 8. exf4 Nge7 9. 0-0-0 Qd6 10. g3 a6 11. Rhe1 Nb4 12. Qb3 0-0 13. Ne5 b6 14. a3 Nbc6 15. Ndf3 Rfb8 16. Ng5 Nxe5 17. fxe5 Qd7 18. Qd3 g6 19. h4 c5 20. h5 c4 21. Qf3 Nc6 22. Rh1 Qe7 23. Nxh7 g5 24. Nf6+ Kh8 25. Qe3 Rg8 26. f4 g4 27. f5 Qf8 28. fxe6 fxe6 29. Nxg8 Qxg8 30. Qh6+ Qh7 31. Qxe6 Ne7 32. Rdf1 1-0

[Event "Klatovy op-A"]
[Site "Klatovy"]
[Date "2013.07.07"]
[Round "9"]
[White "Hajek, Jiri"]
[Black "Kantor, Jozef"]
[Result "1-0"]
[WhiteElo "1877"]
[BlackElo "1883"]
[PlyCount "99"]
[EventDate "2013.06.29"]
[EventType "swiss"]
[EventRounds "9"]
[EventCountry "CZE"]
[SourceTitle "EXT 2014"]
[Source "ChessBase"]
[SourceDate "2013.11.20"]
[SourceVersion "1"]
[SourceVersionDate "2013.11.20"]
[SourceQuality "1"]

1. e4 c5 2. Nf3 Nc6 3. Bb5 d6 4. 0-0 Bd7 5. c3 Nf6 6. Re1 e6 7. d4 Be7 8. Bg5 0-0 9. Nbd2 Re8 10. Nf1 Qc7 11. d5 Nd8 12. Bxd7 Nxd7 13. Bxe7 Rxe7 14. Ng3 Nf8 15. Nd2 b5 16. c4 a6 17. Qg4 Ng6 18. f4 Qd7 19. Nh5 Qe8 20. Nf3 Qf8 21. f5 exf5 22. exf5 Ne5 23. Nxe5 Rxe5 24. Rxe5 dxe5 25. f6 g6 26. Ng3 Kh8 27. Re1 Nb7 28. Rxe5 Nd6 29. b3 bxc4 30. bxc4 Rb8 31. Nf1 h5 32. Qe2 Rb1 33. Qc2 Qb8 34. Qd2 Kh7 35. Qd3 Nf5 36. Rxf5 gxf5 37. Qxf5+ Kg8 38. Qg5+ Kf8 39. Qg7+ Ke8 40. Qg8+ Kd7 41. Qxf7+ Kc8 42. Qe6+ Kd8 43. Qe7+ Kc8 44. Qe8+ Kc7 45. f7 Rxf1+ 46. Kxf1 Qb1+ 47. Kf2 Qb2+ 48. Qe2 Qd4+ 49. Qe3 Qb2+ 50. Kf3 1-0